000 00851nam a2200277 a 4500
001 BRCA_7454
005 20190320205837.0
008 110413s1952----sz-a######---#000-0#eng-#
041 _aeng
044 _asz
050 4 _aND801
_b.L37 1952
100 1 _aLassaigne, Jacques
_918353
245 1 0 _aSpanish Painting
_cJacques Lassaigne ; tr. by Stuart Gilbert.
260 _aGinebra
_bA. Skira
_c1952
300 _a2 v.
_bil., mapas
500 _aLa biblioteca solo cuenta con el v.2
500 _aQ210
505 0 _aContenido: v.1. From the Catalan Frescos to El Greco. -- v.2. From Velazquez to Picasso
650 1 4 _aPintura española
_97790
650 1 4 _aPinturas españolas
_97789
650 1 4 _aPintores españoles
_97620
650 1 4 _aPintura
_xHistoria
_918354
700 1 _aGilbert, Stuart
_etr.
_918355
902 _aGFM
942 _2lcc
_cB
999 _c7130
_d7130